01345nabaa22002177a 4500999001500000003000400015005001700019008004100036040000700077100002900084245014700113300001300260500003600273505051500309505008900824650003200913650002300945650002700968773011900995942001301114 c6163d6163OSt20260123204732.0190701b xxu||||| |||| 00| 0 spa d cPJ 96909aSalgan Ruiz, Pablo13aLos dictámenes de la Procuración del Tesoro de la Nación :cuna fuente estratégica del derecho administrativo /bPablo Salgán Ruiz.  ap. 70-94 aCita: TR LALEY AR/DOC/452/2024  aSumario: I. Planteo del tema.— II. Marco teórico de la investigación.— III. Antecedentes bibliográficos e históricos: las compilaciones oficiales (1874-1954).— IV. El contexto institucional previo: la Procuración del Tesoro (1922-1942).— V. El contexto organizacional: oficinas, funciones, herramientas y personas.— VI. La doctrina de los dictámenes de la Procuración del Tesoro.— VII. La Colección de Dictámenes de la Procuración del Tesoro, hoy.— VIII. Reflexiones finales.  t¿Te interesa el texto completo? Comunicate al correo: koha@justierradelfuego.gov.ar 09211aDERECHO ADMINISTRATIVO 095546aDICTÁMENES 0aPROCURACION DEL TESORO0 0284293251dBuenos Aires : AbeledoPerrot, 2012-oDA121tDerecho administrativo. Nº 152 marzo/abril 2024z18510590 2udccANA